| 000 | 00542nam a22001697a 4500 | ||
|---|---|---|---|
| 003 | CEME | ||
| 005 | 20210628203153.0 | ||
| 008 | 210419b xxu||||| |||| 00| 0 eng d | ||
| 040 | _c. | ||
| 082 | _a355 KEN'R | ||
| 100 |
_aKennedy, Paul _918409 |
||
| 245 | _aThe rise and fall of the great powers , economic change and military conflict from 1500 to 2000 | ||
| 260 |
_aRAWALPINDI _bARMY EDUCATION PRESS _c1991 |
||
| 300 | _a898P | ||
| 650 |
_aRISE AND FALL OF TEH GREAT POWERS.MILITARY CONFLICT FROM 1500 TO 2000 _963754 |
||
| 942 |
_cBK _2ddc |
||
| 999 |
_c572476 _d572476 |
||